All Fulham Premier League Players Ever - Statistics

General Stats
  • This quiz has been taken 26 times
  • The average score is 193 of 455
Answer Stats
% Correct
2006/07 United States Clint Dempsey 10
90%
2007/08 United States Clint Dempsey 36
90%
2008/09 United States Clint Dempsey 35
90%
2009/10 United States Clint Dempsey 29
90%
2010/11 United States Clint Dempsey 37
90%
2011/12 United States Clint Dempsey 37
90%
2013/14 United States Clint Dempsey 5
90%
2018/19 Serbia Aleksandar Mitrovic 37
85%
2020/21 Serbia Aleksandar Mitrovic 27
85%
2022/23 Serbia Aleksandar Mitrovic 24
85%
2003/04 Netherlands Collins John 8
85%
2004/05 Netherlands Collins John 27
85%
2005/06 Netherlands Collins John 35
85%
2006/07 Netherlands Collins John 23
85%
2007/08 Netherlands Collins John 2
85%
2011/12 Portugal Orlando Sa 7
85%
2001/02 France Louis Saha 36
80%
2002/03 France Louis Saha 17
80%
2003/04 France Louis Saha 21
80%
2004/05 Senegal Papa Bouba Diop 29
80%
2005/06 Senegal Papa Bouba Diop 22
80%
2006/07 Senegal Papa Bouba Diop 23
80%
2007/08 Senegal Papa Bouba Diop 2
80%
2018/19 United States Tim Ream 26
80%
2020/21 United States Tim Ream 7
80%
2022/23 United States Tim Ream 33
80%
2020/21 United States Antonee Robinson 28
75%
2022/23 United States Antonee Robinson 35
75%
2022/23 Germany Bernd Leno 36
75%
2009/10 Ireland Damien Duff 32
75%
2010/11 Ireland Damien Duff 24
75%
2011/12 Ireland Damien Duff 28
75%
2012/13 Ireland Damien Duff 31
75%
2013/14 Ireland Damien Duff 15
75%
2012/13 Bulgaria Dimitar Berbatov 33
75%
2013/14 Bulgaria Dimitar Berbatov 18
75%
2022/23 Wales Harry Wilson 29
75%
2022/23 France Issa Diop 25
75%
2001/02 Portugal Luis Boa Morte 23
75%
2002/03 Portugal Luis Boa Morte 29
75%
2003/04 Portugal Luis Boa Morte 33
75%
2004/05 Portugal Luis Boa Morte 31
75%
2005/06 Portugal Luis Boa Morte 35
75%
2006/07 Portugal Luis Boa Morte 15
75%
2008/09 Australia Mark Schwarzer 38
75%
2009/10 Australia Mark Schwarzer 37
75%
2010/11 Australia Mark Schwarzer 31
75%
2011/12 Australia Mark Schwarzer 30
75%
2012/13 Australia Mark Schwarzer 36
75%
2008/09 Hungary Zoltan Gera 32
75%
2009/10 Hungary Zoltan Gera 27
75%
2010/11 Hungary Zoltan Gera 27
75%
2008/09 England Andrew Johnson 31
70%
2009/10 England Andrew Johnson 8
70%
2010/11 England Andrew Johnson 27
70%
2011/12 England Andrew Johnson 20
70%
2007/08 Norway Brede Hangeland 15
70%
2008/09 Norway Brede Hangeland 37
70%
2009/10 Norway Brede Hangeland 32
70%
2010/11 Norway Brede Hangeland 37
70%
2011/12 Norway Brede Hangeland 38
70%
2012/13 Norway Brede Hangeland 35
70%
2013/14 Norway Brede Hangeland 23
70%
2007/08 United States Eddie Johnson 6
70%
2009/10 United States Eddie Johnson 2
70%
2010/11 United States Eddie Johnson 11
70%
2001/02 Netherlands Edwin van der Sar 37
70%
2002/03 Netherlands Edwin van der Sar 19
70%
2003/04 Netherlands Edwin van der Sar 37
70%
2004/05 Netherlands Edwin van der Sar 34
70%
2022/23 Brazil Willian 27
70%
2008/09 England Bobby Zamora 35
65%
2009/10 England Bobby Zamora 27
65%
2010/11 England Bobby Zamora 14
65%
2011/12 England Bobby Zamora 15
65%
2007/08 England Danny Murphy 33
65%
2008/09 England Danny Murphy 38
65%
2009/10 England Danny Murphy 25
65%
2010/11 England Danny Murphy 37
65%
2011/12 England Danny Murphy 36
65%
2018/19 Scotland Tom Cairney 31
65%
2020/21 Scotland Tom Cairney 10
65%
2022/23 Scotland Tom Cairney 33
65%
2018/19 Mauritania Aboubakar Kamara 13
60%
2020/21 Mauritania Aboubakar Kamara 11
60%
2022/23 Brazil Andreas Pereira 33
60%
2004/05 England Andrew Cole 31
60%
2009/10 Norway Bjorn Helge Riise 12
60%
2010/11 Norway Bjorn Helge Riise 3
60%
2003/04 United States Brian McBride 16
60%
2004/05 United States Brian McBride 31
60%
2005/06 United States Brian McBride 38
60%
2006/07 United States Brian McBride 38
60%
2007/08 United States Brian McBride 17
60%
2011/12 Costa Rica Bryan Ruiz 27
60%
2012/13 Costa Rica Bryan Ruiz 29
60%
2013/14 Costa Rica Bryan Ruiz 12
60%
2007/08 Northern Ireland Chris Baird 18
60%
2008/09 Northern Ireland Chris Baird 10
60%
2009/10 Northern Ireland Chris Baird 32
60%
2010/11 Northern Ireland Chris Baird 29
60%
2011/12 Northern Ireland Chris Baird 19
60%
2012/13 Northern Ireland Chris Baird 19
60%
2007/08 Senegal Diomansy Kamara 28
60%
2008/09 Senegal Diomansy Kamara 12
60%
2009/10 Senegal Diomansy Kamara 9
60%
2010/11 Senegal Diomansy Kamara 10
60%
2022/23 Portugal Joao Palhinha 35
60%
2011/12 Norway John Arne Riise 36
60%
2012/13 Norway John Arne Riise 31
60%
2013/14 Norway John Arne Riise 20
60%
2013/14 England Larnell Cole 1
60%
2005/06 England Michael Brown 7
60%
2006/07 England Michael Brown 34
60%
2013/14 England Scott Parker 29
60%
2001/02 England Sean Davis 30
60%
2002/03 England Sean Davis 28
60%
2003/04 England Sean Davis 24
60%
2006/07 Wales Simon Davies 14
60%
2007/08 Wales Simon Davies 37
60%
2008/09 Wales Simon Davies 33
60%
2009/10 Wales Simon Davies 17
60%
2010/11 Wales Simon Davies 30
60%
2011/12 Wales Simon Davies 6
60%
2008/09 England Wayne Brown 1
60%
2007/08 Northern Ireland Aaron Hughes 30
55%
2008/09 Northern Ireland Aaron Hughes 38
55%
2009/10 Northern Ireland Aaron Hughes 34
55%
2010/11 Northern Ireland Aaron Hughes 38
55%
2011/12 Northern Ireland Aaron Hughes 19
55%
2012/13 Northern Ireland Aaron Hughes 24
55%
2013/14 Northern Ireland Aaron Hughes 13
55%
2020/21 Jamaica Bobby Decordova-Reid 33
55%
2022/23 Jamaica Bobby Decordova-Reid 36
55%
2022/23 Wales Dan James 20
55%
2001/02 Northern Ireland Maik Taylor 1
55%
2002/03 Northern Ireland Maik Taylor 19
55%
2003/04 Germany Moritz Volz 33
55%
2004/05 Germany Moritz Volz 31
55%
2005/06 Germany Moritz Volz 23
55%
2006/07 Germany Moritz Volz 29
55%
2007/08 Germany Moritz Volz 9
55%
2001/02 France Steed Malbranque 37
55%
2002/03 France Steed Malbranque 37
55%
2003/04 France Steed Malbranque 38
55%
2004/05 France Steed Malbranque 26
55%
2005/06 France Steed Malbranque 34
55%
2007/08 Northern Ireland Steven Davis 22
55%
2001/02 France Sylvain Legwinski 33
55%
2002/03 France Sylvain Legwinski 35
55%
2003/04 France Sylvain Legwinski 32
55%
2004/05 France Sylvain Legwinski 15
55%
2005/06 France Sylvain Legwinski 13
55%
2004/05 Canada Tomasz Radzinski 35
55%
2005/06 Canada Tomasz Radzinski 33
55%
2006/07 Canada Tomasz Radzinski 35
55%
2005/06 Finland Antti Niemi 9
50%
2006/07 Finland Antti Niemi 31
50%
2007/08 Finland Antti Niemi 22
50%
2001/02 England Barry Hayles 35
50%
2002/03 England Barry Hayles 14
50%
2003/04 England Barry Hayles 26
50%
2007/08 Norway Erik Nevland 8
50%
2008/09 Norway Erik Nevland 21
50%
2009/10 Norway Erik Nevland 23
50%
2020/21 England Harrison Reed 31
50%
2022/23 England Harrison Reed 37
50%
2001/02 Scotland John Collins 34
50%
2002/03 Scotland John Collins 5
50%
2020/21 Slovakia Marek Rodak 2
50%
2022/23 Slovakia Marek Rodak 2
50%
2010/11 Switzerland Philippe Senderos 3
50%
2011/12 Switzerland Philippe Senderos 21
50%
2012/13 Switzerland Philippe Senderos 21
50%
2013/14 Switzerland Philippe Senderos 12
50%
2001/02 Ireland Steve Finnan 38
50%
2002/03 Ireland Steve Finnan 32
50%
2003/04 England Adam Green 4
45%
2004/05 England Adam Green 4
45%
2012/13 England Alex Smith 1
45%
2002/03 Argentina Facundo Sava 20
45%
2003/04 Argentina Facundo Sava 6
45%
2018/19 England Harvey Elliott 2
45%
2020/21 Netherlands Kenny Tete 22
45%
2022/23 Netherlands Kenny Tete 31
45%
2001/02 England Lee Clark 9
45%
2002/03 England Lee Clark 11
45%
2003/04 England Lee Clark 25
45%
2004/05 England Lee Clark 17
45%
2022/23 Israel Manor Solomon 19
45%
2010/11 Belgium Mousa Dembele 24
45%
2011/12 Belgium Mousa Dembele 36
45%
2012/13 Belgium Mousa Dembele 2
45%
2013/14 France Moussa Dembele 2
45%
2011/12 Switzerland Pajtim Kasami 7
45%
2012/13 Switzerland Pajtim Kasami 2
45%
2013/14 Switzerland Pajtim Kasami 29
45%
2005/06 New Zealand Simon Elliott 12
45%
2001/02 France Steve Marlet 26
45%
2002/03 France Steve Marlet 28
45%
2003/04 France Steve Marlet 1
45%
2005/06 England Wayne Bridge 12
45%
2001/02 England Zat Knight 10
45%
2002/03 England Zat Knight 17
45%
2003/04 England Zat Knight 31
45%
2004/05 England Zat Knight 35
45%
2005/06 England Zat Knight 30
45%
2006/07 England Zat Knight 23
45%
2007/08 England Zat Knight 4
45%
2001/02 France Alain Goma 33
40%
2002/03 France Alain Goma 29
40%
2003/04 France Alain Goma 23
40%
2004/05 France Alain Goma 16
40%
2005/06 France Alain Goma 13
40%
2018/19 Germany Andre Schurrle 24
40%
2012/13 Iran Ashkan Dejagah 21
40%
2013/14 Iran Ashkan Dejagah 22
40%
2003/04 United States Carlos Bocanegra 15
40%
2004/05 United States Carlos Bocanegra 28
40%
2005/06 United States Carlos Bocanegra 21
40%
2006/07 United States Carlos Bocanegra 30
40%
2007/08 United States Carlos Bocanegra 22
40%
2007/08 Northern Ireland David Healy 30
40%
2001/02 United States Eddie Lewis 1
40%
2010/11 Iceland Eidur Gudjohnsen 10
40%
2012/13 Colombia Hugo Rodallega 29
40%
2013/14 Colombia Hugo Rodallega 13
40%
2006/07 England Jimmy Bullard 4
40%
2007/08 England Jimmy Bullard 17
40%
2008/09 England Jimmy Bullard 18
40%
2020/21 Denmark Joachim Andersen 31
40%
2002/03 Japan Junichi Inamoto 19
40%
2003/04 Japan Junichi Inamoto 22
40%
2020/21 Gabon Mario Lemina 28
40%
2003/04 Wales Mark Pembridge 12
40%
2004/05 Wales Mark Pembridge 28
40%
2005/06 Wales Mark Pembridge 5
40%
2006/07 Guyana Matthew Briggs 1
40%
2010/11 Guyana Matthew Briggs 3
40%
2011/12 Guyana Matthew Briggs 2
40%
2012/13 Guyana Matthew Briggs 5
40%
2013/14 Guyana Matthew Briggs 2
40%
2011/12 Russia Pavel Pogrebnyak 12
40%
2022/23 Serbia Sasa Lukic 12
40%
2018/19 Cameroon Andre-Frank Zambo Anguissa 22
35%
2020/21 Cameroon Andre-Frank Zambo Anguissa 36
35%
2001/02 Latvia Andrejs Stolcers 5
35%
2002/03 Latvia Andrejs Stolcers 5
35%
2004/05 Denmark Claus Jensen 12
35%
2005/06 Denmark Claus Jensen 11
35%
2006/07 Denmark Claus Jensen 12
35%
2008/09 Nigeria Dickson Etuhu 21
35%
2009/10 Nigeria Dickson Etuhu 20
35%
2010/11 Nigeria Dickson Etuhu 28
35%
2011/12 Nigeria Dickson Etuhu 22
35%
2013/14 Venezuela Fernando Amorebieta 23
35%
2012/13 Greece Giorgos Karagounis 25
35%
2013/14 Greece Giorgos Karagounis 14
35%
2005/06 Iceland Heidar Helguson 27
35%
2006/07 Iceland Heidar Helguson 30
35%
2020/21 Portugal Ivan Cavaleiro 36
35%
2018/19 Cote D'Ivoire Jean Michael Seri 32
35%
2018/19 England Joe Bryan 28
35%
2020/21 England Joe Bryan 16
35%
2008/09 Ghana John Pantsil 37
35%
2009/10 Ghana John Pantsil 22
35%
2010/11 Ghana John Pantsil 16
35%
2007/08 United States Kasey Keller 13
35%
2022/23 Switzerland Kevin Mbabu 6
35%
2022/23 Wales Luke Harris 3
35%
2018/19 England Marcus Bettinelli 7
35%
2018/19 DR Congo Neeskens Kebano 7
35%
2020/21 DR Congo Neeskens Kebano 5
35%
2022/23 DR Congo Neeskens Kebano 17
35%
2005/06 Denmark Niclas Jensen 16
35%
2007/08 England Paul Konchesky 33
35%
2008/09 England Paul Konchesky 36
35%
2009/10 England Paul Konchesky 27
35%
2010/11 England Paul Konchesky 1
35%
2007/08 Canada Paul Stalteri 13
35%
2012/13 Germany Sascha Riether 35
35%
2013/14 Germany Sascha Riether 31
35%
2009/10 Ireland Stephen Kelly 8
35%
2010/11 Ireland Stephen Kelly 10
35%
2011/12 Ireland Stephen Kelly 24
35%
2012/13 Ireland Stephen Kelly 2
35%
2006/07 Russia Alexei Smertin 7
30%
2007/08 Russia Alexei Smertin 15
30%
2018/19 England Alfie Mawson 15
30%
2001/02 Wales Andy Melville 35
30%
2002/03 Wales Andy Melville 26
30%
2003/04 Wales Andy Melville 9
30%
2022/23 Brazil Carlos Vinicius 28
30%
2008/09 England Chris Smalling 1
30%
2009/10 England Chris Smalling 12
30%
2020/21 Portugal Fabio Carvalho 4
30%
2001/02 England Jon Harley 10
30%
2002/03 England Jon Harley 11
30%
2003/04 England Jon Harley 4
30%
2001/02 Seychelles Kevin Betsy 1
30%
2018/19 Scotland Kevin McDonald 15
30%
2002/03 France Martin Djetou 25
30%
2003/04 France Martin Djetou 26
30%
2002/03 Argentina Martin Herrera 2
30%
2013/14 England Patrick Roberts 2
30%
2001/02 England Rufus Brevett 35
30%
2002/03 England Rufus Brevett 20
30%
2018/19 Netherlands Ryan Babel 16
30%
2007/08 South Korea Seol Ki-Hyeon 12
30%
2008/09 South Korea Seol Ki-Hyeon 4
30%
2009/10 South Korea Seol Ki-Hyeon 2
30%
2018/19 Spain Sergio Rico 29
30%
2010/11 England Steve Sidwell 12
30%
2011/12 England Steve Sidwell 14
30%
2012/13 England Steve Sidwell 28
30%
2013/14 England Steve Sidwell 38
30%
2005/06 Trinidad & Tobago Tony Warner 18
30%
2007/08 Trinidad & Tobago Tony Warner 3
30%
2020/21 England Tosin Adarabioyo 33
30%
2022/23 England Tosin Adarabioyo 25
30%
2020/21 France Alphonse Areola 36
25%
2001/02 Denmark Bjarne Goldbaek 13
25%
2002/03 Denmark Bjarne Goldbaek 10
25%
2010/11 Mexico Carlos Salcido 23
25%
2013/14 England Darren Bent 24
25%
2009/10 England David Stockdale 1
25%
2010/11 England David Stockdale 7
25%
2011/12 England David Stockdale 8
25%
2012/13 England David Stockdale 2
25%
2013/14 England David Stockdale 21
25%
2018/19 Ghana Denis Odoi 31
25%
2020/21 Ghana Denis Odoi 3
25%
2008/09 Sweden Fredrik Stoor 2
25%
2009/10 Sweden Fredrik Stoor 2
25%
2007/08 Algeria Hameur Bouazza 20
25%
2018/19 Guinea Ibrahima Cisse 3
25%
2009/10 England Jonathan Greening 23
25%
2010/11 England Jonathan Greening 10
25%
2001/02 Wales Kit Symons 4
25%
2013/14 Greece Kostas Mitroglou 3
25%
2007/08 Denmark Leon Andreasen 13
25%
2008/09 Denmark Leon Andreasen 6
25%
2011/12 Mali Mahamadou Diarra 11
25%
2012/13 Mali Mahamadou Diarra 8
25%
2013/14 Mali Mahamadou Diarra 4
25%
2003/04 Wales Mark Crossley 1
25%
2004/05 Wales Mark Crossley 5
25%
2005/06 Wales Mark Crossley 13
25%
2002/03 Cameroon Pierre Wome 14
25%
2022/23 Ireland Shane Duffy 5
25%
2018/19 Norway Stefan Johansen 12
25%
2006/07 Italy Vincenzo Montella 10
25%
2003/04 Pakistan Zesh Rehman 1
25%
2004/05 Pakistan Zesh Rehman 17
25%
2005/06 Pakistan Zesh Rehman 3
25%
2020/21 Nigeria Ademola Lookman 34
20%
2018/19 England Calum Chambers 31
20%
2001/02 St. Kitts & Nevis Calum Willock 2
20%
2002/03 St. Kitts & Nevis Calum Willock 2
20%
2022/23 Portugal Cedric Soares 6
20%
2013/14 Netherlands Chris David 1
20%
2013/14 England Dan Burn 9
20%
2002/03 Ghana Elvis Hammond 10
20%
2004/05 Ghana Elvis Hammond 1
20%
2018/19 Togo Floyd Ayite 16
20%
2006/07 France Franck Queudrue 29
20%
2003/04 England Ian Pearce 13
20%
2004/05 England Ian Pearce 11
20%
2005/06 England Ian Pearce 10
20%
2006/07 England Ian Pearce 22
20%
2007/08 England Ian Pearce 1
20%
2003/04 France Jerome Bonnissel 16
20%
2013/14 Netherlands John Heitinga 14
20%
2011/12 Turkey Kerim Frei 16
20%
2012/13 Turkey Kerim Frei 7
20%
2012/13 England Kieran Richardson 14
20%
2013/14 England Kieran Richardson 31
20%
2013/14 Germany Lewis Holtby 13
20%
2004/05 England Liam Rosenior 17
20%
2005/06 England Liam Rosenior 24
20%
2006/07 England Liam Rosenior 38
20%
2013/14 Netherlands Maarten Stekelenburg 19
20%
2012/13 Croatia Mladen Petric 23
20%
2020/21 Nigeria Ola Aina 31
20%
2005/06 France Philippe Christanval 15
20%
2006/07 France Philippe Christanval 20
20%
2007/08 France Philippe Christanval 1
20%
2018/19 England Ryan Sessegnon 35
20%
2018/19 Netherlands Timothy Fosu-Mensah 12
20%
2008/09 Finland Toni Kallio 3
20%
2009/10 Finland Toni Kallio 1
20%
2020/21 Australia Tyrese Francois 1
20%
2022/23 Australia Tyrese Francois 1
20%
2012/13 Netherlands Urby Emanuelson 13
20%
2001/02 Morocco Abdeslam Ouaddou 8
15%
2002/03 Morocco Abdeslam Ouaddou 13
15%
2011/12 Sweden Alexander Kacaniklic 4
15%
2012/13 Sweden Alexander Kacaniklic 20
15%
2013/14 Sweden Alexander Kacaniklic 23
15%
2008/09 Iran Andranik Teymourian 1
15%
2004/05 Scotland Billy McKinlay 2
15%
2006/07 Sweden Bjorn Runstrom 1
15%
2013/14 England Cauley Woodrow 6
15%
2003/04 England Darren Pratley 1
15%
2009/10 Sweden David Elm 10
15%
2003/04 England Dean Leacock 4
15%
2005/06 England Dean Leacock 5
15%
2013/14 Ghana Derek Boateng 3
15%
2007/08 England Elliot Omozusi 8
15%
2018/19 Spain Fabri 2
15%
2010/11 DR Congo Gael Kakuta 7
15%
2018/19 Norway Havard Nordtveit 5
15%
2006/07 Czech Republic Jan Lastuvka 8
15%
2022/23 England Jay Stansfield 3
15%
2020/21 Nigeria Josh Maja 15
15%
2008/09 England Julian Gray 1
15%
2009/10 South Africa Kagisho Dikgacoi 12
15%
2010/11 South Africa Kagisho Dikgacoi 1
15%
2022/23 France Layvin Kurzawa 3
15%
2018/19 Argentina Luciano Vietto 20
15%
2011/12 Italy Marcello Trotta 1
15%
2018/19 France Maxime Le Marchand 26
15%
2020/21 France Maxime Le Marchand 2
15%
2013/14 Guinea-Bissau Mesca 1
15%
2020/21 Jamaica Michael Hector 4
15%
2013/14 Sweden Muamer Tankovic 3
15%
2009/10 England Nicky Shorey 9
15%
2020/21 England Ruben Loftus-Cheek 30
15%
2013/14 England Ryan Tunnicliffe 3
15%
2007/08 Finland Shefki Kuqi 10
15%
2011/12 Czech Republic Zdenek Grygera 5
15%
2013/14 Morocco Adel Taarabt 12
10%
2005/06 Australia Ahmad Elrich 6
10%
2003/04 Netherlands Bobby Petta 9
10%
2018/19 Ireland Cyrus Christie 28
10%
2007/08 Serbia Dejan Stefanovic 13
10%
2012/13 Ghana Emmanuel Frimpong 6
10%
2012/13 Cameroon Eyong Enoh 9
10%
2018/19 Serbia Lazar Markovic 1
10%
2004/05 England Liam Fontaine 1
10%
2003/04 Ghana Malik Buari 3
10%
2011/12 Czech Republic Marcel Gecov 2
10%
2008/09 France Olivier Dacourt 9
10%
2010/11 Algeria Rafik Halliche 1
10%
2009/10 Italy Stefano Okaka 11
10%
2020/21 Netherlands Terence Kongolo 1
10%
2006/07 England Wayne Routledge 24
10%
2013/14 Montenegro Elsad Zverotic 6
5%
2020/21 England Josh Onomah 11
5%
2022/23 England Josh Onomah 2
5%
2007/08 England Nathan Ashton 1
5%
2022/23 England Nathaniel Chalobah 4
5%
2008/09 England Robert Milsom 1
5%
2012/13 Bulgaria Stanislav Manolev 5
5%
2013/14 Denmark William Kvist 8
5%
No matching quizzes found
Score Distribution
Percent of People with Each Score
Percentile by Number Answered
Your Score History
You have not taken this quiz